• 首页
  • 本馆介绍
  • 公告通知
  • 最新文献
  • 馆藏检索
  • 电子资源
  • 读者导购
  • 参考咨询
  • 我的图书馆
  • 登录
  • 详细信息显示
  • 放入我的书架
  • 预约/预借图书
  • 作者相关作品
  • 分类相关作品
  • 丛书相关作品
  • 出版社相关作品

书目信息

  • 表格格式
  • 工作单格式
  • 卡片格式
题名:
继续工程教育多元主体协同办学机制
    
 
作者: 田慧君 , 王孙禺 著
分册:  
出版信息: 北京   科学技术文献出版社  2017
页数: 211页
开本: 24cm
丛书名:
单 册:
中图分类: T-29
科图分类:
主题词: 工程技术人员--继续教育--办学组织形式--研究--中国
电子资源:
ISBN: 978-7-5189-3424-9
000 01260nam0 2200253 450
001 1278
005 20180524101744.39
010    @a978-7-5189-3424-9@b精装@dCNY68.00
100    @a20180513d2017 kemy0chiy50 ea
101 0  @achi
102    @aCN@b110000
105    @ay v 000yy
200 1  @a继续工程教育多元主体协同办学机制@9ji xu gong cheng jiao yu duo yuan zhu ti xie tong ban xue ji zhi@dThe collaborative running mechanism of multiple providers in continuing engineering education@f田慧君,王孙禺著@zeng
210    @a北京@c科学技术文献出版社@d2017
215    @a211页@d24cm
300    @a“联合国教科文组织国际工程科技知识中心”建设项目支持
330    @a本书综合运用准公共产品理论、组织理论和委托代理理论,将继续工程教育办学分成“为谁办学”“谁来办学”和“如何办学”三个核心问题,采用定量和定性混合研究方法,分析阐述了工程师群体的学习需求特性和多元办学主体的办学现状,进而提出来多元办学主体协同办学机制的设计构想。
510 1  @aCollaborative running mechanism of multiple providers in continuing engineering education@zeng
606 0  @a工程技术人员@x继续教育@x办学组织形式@x研究@y中国
690    @aT-29@v5
701  0 @a田慧君@9tian hui jun@4著
701  0 @a王孙禺@9wang sun yu@4著
801  0 @aCN@b91MARC@c20180513
905    @aMuseLib@dT-29@e106
    
    继续工程教育多元主体协同办学机制=The collaborative running mechanism of multiple providers in continuing engineering education/田慧君,王孙禺著.-北京:科学技术文献出版社,2017
    211页;24cm
    “联合国教科文组织国际工程科技知识中心”建设项目支持
    
    ISBN 978-7-5189-3424-9(精装):CNY68.00
    本书综合运用准公共产品理论、组织理论和委托代理理论,将继续工程教育办学分成“为谁办学”“谁来办学”和“如何办学”三个核心问题,采用定量和定性混合研究方法,分析阐述了工程师群体的学习需求特性和多元办学主体的办学现状,进而提出来多元办学主体协同办学机制的设计构想。
●
相关链接 在E读中查询图书 在五车中查询图书 在当当中查询图书 在豆瓣中查询图书


正题名:继续工程教育多元主体协同办学机制     索取号:T-29/106         预约/预借

序号 登录号 条形码 馆藏地/架位号 状态 备注
1 1103568   211035681   第二样本阅览室/ [索取号:T-29/106] 在馆    
2 1103569   211035690   教育系资料室/ [索取号:T-29/106] 在馆    
3 1103570   211035707   教育系资料室/ [索取号:T-29/106] 在馆    
4 1103571   211035716   教育系资料室/ [索取号:T-29/106] 在馆    
5 1103572   211035725   第三借阅区/ [索取号:T-29/106] 在馆    
6 1103573   211035734   第三借阅区/ [索取号:T-29/106] 在馆    
唐山师范学院图书馆 欢迎您!
大连网信软件有限公司© 版权所有